000 00311nam a22001217a 4500
082 _a629.24 CROA
100 _aCROUSE, WILLIAM H
_940261
245 _aAUTOMOTIVE CHASSIS AND BODY CONSTRUCTON OPERATION AND MAINTENANCE
250 _a2ND
260 _aNEWYORK
_bMCGRAW HILL
_c1959
300 _a609P
942 _cBK
999 _c568824
_d568824